000 00573nam a2200229Ia 4500
003 OSt
005 20220924152554.0
006 a|||||r|||| 00| 0
007 ta
008 220923b |||||||| |||| 00| 0 guj d
024 _a343207
037 _cTextual
040 _aARTS
_cARTS
_bguj
041 _2guj
_aguj
082 _aNR2,18, 156D3
100 _aSagneet Niti Vinod
_9227034
245 0 _aGayanoni notes
260 _c1903
650 _aMUSIC
_917402
942 _hNR2,18, 156D3
_cTEXL
_2CC
999 _c470310
_d470310